Responses for Show #8356 - Monday, March 15, 2021

Champion's winnings & consolation amounts matched to Pancreatic Cancer Dream Team from Stand Up to Cancer.

Contestants

[<< previous game]

Tom Duffey, an engineering manager originally from Chicago, Illinois

Kathleen McNutt, a graduate student from Skokie, Illinois

Dave Pai, a field application scientist originally from Mechanicsburg, Pennsylvania (whose 2-day cash winnings total $32,700)

[next game >>]

Jeopardy! Round responses

THE SQUAD
FINANCIAL TERMS
THAT'S TOTALLY LIT
REAL-LIFE CARTOON CHARACTERS
8-LETTER WORDS
NATION OF THE AIRLINES
    $200 30
the Goon Squad

Kathleen
    $200 27
a coupon

Tom
    $200 28
Gulliver's Travels

Dave
    $200 29
Finding Dory

Dave
    $200 25
a triangle

Tom
    $200 24
Greece

Dave
    $400 1
the bomb squad

Dave
    $400 26
a cooling-off period

Tom
    $400 3
Quasimodo

Dave
    $400 7
Yellow Submarine

Tom
    $400 23
manicure

Dave
    $400 19
Switzerland

Dave
    $600 2
The Suicide Squad

Tom
    $600 15
(Dave: What is a write-off?)

a tax shelter

DaveTom
    $600 4
Perry Mason

Tom
    $600 8
Rush Limbaugh

Dave
    $600 11
marginal

Tom
    $600 20
Pakistan

Dave
    $800 10
the Prius

Dave
    $800 16
escrow

Tom
    $800 5
Fathers and Sons

Tom
    $800 9
Ponce de León

Dave
    $800 12
jealousy

Tom
    $800 21
Spain

Kathleen
    $1000 14
the taxi squad

Tom
    $1000 17
brokers

Tom
    $1000 6
Red Chief

Tom
    $4,000 18
(Katie: Voiced by Christopher Lloyd.)

Rasputin

Tom
    $1000 13
approach

Dave
    $1000 22
Nepal

Dave

Scores at the first commercial break (after clue 15):

Dave Kathleen Tom
$3,400 $0 $6,400

Scores at the end of the Jeopardy! Round:

Dave Kathleen Tom
$6,400 $1,000 $13,000

Double Jeopardy! Round responses

A COLLEGE CONFERENCE CALL
ART
HISTORIC PLACES
SPACED OUT
"T.O.C."
(Katie: Every response has those three letters, as in "Tournament of Champions".)
TV FINALES
    $400 23
Montana

Dave
    $400 7
Michelle Obama

Tom
    $400 22
Columbus

Kathleen
    $400 28
a dwarf planet

Tom
    $400 1
the Tropic of Cancer

Tom
    $400 2
Buffy the Vampire Slayer

Dave
    $800 10
(Dave: What is Georgia?)

Ohio University

DaveKathleen
    $800 8
Jackson Pollock

Kathleen
    $800 14
Chicago

Dave
    $3,000 27
(Kathleen: What is... propeller?)

a booster

Kathleen
    $800 18
the Three of Cups

Tom
    $800 3
Parks and Recreation

Dave
    $3,000 11
the Citadel

Kathleen
    $1200 9
art deco

Dave
    $1200 15
the Industrial Revolution

Tom
    $1200 26
Vulcan

Kathleen
    $1200 19
turn on cookies

Tom
    $1200 4
Seinfeld

Dave
    $1600 24
Grambling State University

Triple Stumper
    $1600 12
(Tom: Who is El Greco?)

Botticelli

DaveTom
    $1600 16
Allende

Kathleen
    $1600 25
asteroids

Tom
    $1600 20
Truth or Consequences

Dave
    $1600 5
Dexter

Kathleen
    $2000 30
Fordham

Tom
    $2000 13
Albrecht Durer

Triple Stumper
    $2000 17
Peterhof

Triple Stumper
    $2000 29
the Kuiper Belt

Dave
    $2000 21
the Tour of California

Kathleen
    $2000 6
Once Upon a Time

Tom

Scores at the end of the Double Jeopardy! Round:

Dave Kathleen Tom
$15,600 $9,400 $21,400

[wagering suggestions for these scores]

Final Jeopardy! Round responses

FICTIONAL PLACES
(Katie: [To Kathleen] It's the country where The Hunger Games books take place.)
KathleenWhat is Panem?
$6,201
DaveWhat is Panem
$5,801
TomWhat is Panem?
$10,000
Panem

Final scores:

Dave Kathleen Tom
$21,401 $15,601 $31,400
2nd place: $2,000 3rd place: $1,000 New champion: $31,400

Game dynamics:

Coryat scores:

Dave Kathleen Tom
$15,600 $10,600 $18,400
22 R,
2 W
10 R
(including 1 DD),
1 W
(including 1 DD)
24 R
(including 1 DD),
1 W

Combined Coryat: $44,600

[game clues] [game scores] [suggest correction]

Game tape date: 2021-01-20
The J! Archive is created by fans, for fans. Scraping, republication, monetization, and malicious use prohibited; this site may use cookies and collect identifying information. See terms. The Jeopardy! game show and all elements thereof, including but not limited to copyright and trademark thereto, are the property of Jeopardy Productions, Inc. and are protected under law. This website is not affiliated with, sponsored by, or operated by Jeopardy Productions, Inc. Join the discussion at JBoard.tv.